| 000 | 00553nam a22001697a 4500 | ||
|---|---|---|---|
| 999 |
_c9073 _d9073 |
||
| 008 | 210322b ||||| |||| 00| 0 eng d | ||
| 040 | _aBMS College of Architecture | ||
| 100 | _aPriya, V, Vandana | ||
| 245 | _aCentre for psychiatric and Re- Habilitation treatments (Drug and Alcohol) | ||
| 300 | _a116p. | ||
| 500 | _a1BM07AT048 | ||
| 502 |
_8B.Arch _NBMS College of Architecture, Visvesvaraya Technological University _aProject report _d2012 |
||
| 650 | _aNA | ||
| 700 |
_aShobha M N _eGuide |
||
| 700 |
_aK R Madhu Chand _eGuide |
||
| 942 |
_2ddc _cTHE |
||